00971nam a22002537a 4500003000900000005001700009008004100026020001800067040002500085082001900110100003800129245014700167260004100314300003400355490003200389500005800421590002700479650005800506700004000564830003500604910004700639942001400686999001700700DO-SdBNP20240228085038.0210222e2019 dr ac 001 0 spa d a9789945484335 aDO-SdBNPbspacBNPHU 4bP426a222a3791 aPeralta , Damián,d1950-97787910aAforismos pedagógicos :bpara pensar el rol de la gestión educativa en el siglo XXI /cDamián Peralta; prólogo, María del Rosario  aSanto Domingo :bMontaño , c2019. a136 p. ;bil., fots.,c23 cm.1 aPedagogía ardiente ;v1 ; aIncluye datos biográficos del autor en las solapas aInventariado, 2021/ YL 4aPolítica educativa v Citas, máximas, etc.9797851 aRosario, María del eprol.975860 aPedagogía Ardienten1977880 aYLOCKWARD/Validado. Control de calidad MFF 2ddccLBS1 c49700d49700